000 00632nam a22002177a 4500
005 20170124110046.0
010 _aB-081280
020 _c150.00
_a8175241713
035 _aB-081280
037 _bCen Lib/Ret
040 _aDPL
_bEN
082 _a796.33
_bKUM
100 _aKumar, N.
_929587
245 _aPlay & learn football /
_cby N.Kumar
260 _aNew Delhi
_bKhel Sahitya Kendra
_c2003
270 _a4264/3, Ansari Road, Darya Ganj
_bNew Delhi
_e110002
300 _a111p. :
_c21cm(Hb)
_bill.
650 _aHow to play football.
_924522
650 _aFootball.
_929588
942 _2ddc
_cEN
_h796.33
_mKUM
999 _c128821
_d128821